00613nam a2200157Ia 4500008004100000100002200041245010100063245006300164260005300227260000900280300001200289650001500301856004700316999001900363952007300382170221s9999 xx 000 0 und d aAris Tri Haryanto aMarket Orientation, Learning Orientation and SMES Performance: The Mediating Role of Innovation  cAris Tri Haryanto, Tulus Haryono, Hunik Sri Runing Sawitri bInternational Review of Management and Marketing c2016 a15 : 19 xMarketing. uhttp://www.econjournals.com/index.php/irmm c311837d311837 001040aCLbCLd2017-02-21l0r2017-02-21 00:00:00w2017-02-21yFOJ